Cuaderno V. Derecho mercantil: Sociedades ann̤imas

Detalles Bibliográficos
Otros Autores: Alonso-Muųmer, Mara̕ Enciso
Formato: eBook
Lenguaje:español
Publicado: Madrid : Dykinson, 2012
Materias:
Acceso en línea:Acceso restringido

MARC

LEADER 00000nam a22000007a 4500
005 2013112703573.0
007 cr|||| ||||
008 131127s2012 sp |||||s|||| 00||0 spa d
020 |a 978-84-9031-516-3 
035 |a 11656 
040 |a vLex 
090 |c 4590  |d 4590 
245 0 0 |a Cuaderno V. Derecho mercantil: Sociedades ann̤imas  |h [Recurso electrn̤ico] 
256 |a Servicio en ln̕ea 
260 |a Madrid :  |b Dykinson,  |c 2012 
300 |a 1 recurso electrn̤ico 
506 1 |a Contenido solo disponible en los productos indicados  |d vLex Global  |d vLex Global (Academic Edition, excluding Law Schools)  |d vLex Global (U.S. Academic Edition, Law Schools)  |d vLex Global (U.S. Academic Edition, excluding Law Schools)  |d vLex Global (Academic Edition, Law Schools) 
650 0 4 |a Derecho mercantil 
700 1 |a Alonso-Muųmer, Mara̕ Enciso 
740 0 |a vLex Libros (servicio en ln̕ea) 
856 4 0 |u http://vlex.com/source/cuaderno-v-derecho-mercantil-sociedades-anonimas-11656  |z Acceso restringido 
942 |c BOOK 
999 0 |a Commercial law